L'alimentació de l'home : (trevall de vulgarisació) / per Jaume Raventós... (trevall de vulgarisació) / per Jaume Raventós...
Descripción Física:
38 p. ; 20'5 cm
Materias:
Nutrició
MARC
| LEADER | 00000nam a2200000Ia 4500 | ||
|---|---|---|---|
| 001 | 6141 | ||
| 008 | 160829s1915 xx 000 0 cat d | ||
| 080 | |a RF-4-55 | ||
| 100 | |a Raventós Domènech, Jaume |9 25382 | ||
| 245 | |a L'alimentació de l'home : |b (trevall de vulgarisació) / per Jaume Raventós... | ||
| 260 | |a Barcelona : |b (Imp. de Fco. X. Altés i Alabart), |c 1915 | ||
| 300 | |a 38 p. ; |c 20'5 cm | ||
| 590 | |a Abans del títol: Institut Agrícola Català de Sant Isidro. | ||
| 650 | |a Nutrició |9 33420 | ||
| 710 | 2 | |a Institut Agrícola Català de Sant Isidre |9 53078 | |
| 856 | 4 | |u https://media.diba.cat/diba/fitxers/arxiu/fulletons/bib_6141_1915_baixa.pdf |y Accés lliure | |
| 856 | 4 | |u https://media.diba.cat/diba/fitxers/arxiu/fulletons/bib_6141_1915_baixa.pdf |y Accés lliure | |
| 901 | |a Arxiu | ||
| 942 | |n 1 |2 udc | ||
| 952 | |0 0 |1 0 |4 0 |6 RF455 |7 1 |9 44176 |a Arxiu |b Arxiu |d 2016-12-01 |l 0 |o RF-4-55 |p 6141 |r 2016-12-01 00:00:00 |w 2016-12-01 |y ARXIU | ||
| 999 | |c 46756 |d 46756 | ||
| 900 | |a bib_6141_1915_baixa.pdf | ||